000 00330nam a22001457a 4500
008 221104b ||||| |||| 00| 0 eng d
020 _a0393950026
041 _aeng
080 _2THIRD EDITION
_a330.101
082 _a330.101 MAN
100 _a23.1
101 _aMIK
245 _aMICROECONOMI
_cMANSFIELD E
942 _2udc
_cBK
999 _c58733
_d58733